LIBRARY & INFORMATION CENTRE, KCAET, TAVANUR

ONLINE PUBLIC ACCESS CATALOGUE (OPAC)

Allahuvinte adimakal / (Record no. 448)

MARC details
000 -LEADER
fixed length control field 00370cam a2200145ua 4500
041 ## - LANGUAGE CODE
Language code of text/sound track or separate title mal
082 ## - DEWEY DECIMAL CLASSIFICATION NUMBER
Classification number 894.812 308
Item number KHA/AL
100 ## - MAIN ENTRY--AUTHOR NAME
Personal name Khalid, .
245 ## - TITLE STATEMENT
Title Allahuvinte adimakal /
260 ## - PUBLICATION, DISTRIBUTION, ETC. (IMPRINT)
Place of publication Kottayam :
Name of publisher National Book Stall ,
Year of publication 1959.
300 ## - PHYSICAL DESCRIPTION
Number of Pages 339 ; .
650 ## - SUBJECT ADDED ENTRY--TOPICAL TERM
Topical Term Fiction - Malayalam
942 ## - ADDED ENTRY ELEMENTS (KOHA)
Koha item type Books
Holdings
Withdrawn status Lost status Damaged status Home library Current library Date acquired Full call number Accession Number Koha item type
Withdrawn     KAUAET Malayalam University 07/04/2012 894.812 308 1046 Books
free website counter